2022 Los Angeles Dodgers Roster w/ First Names - Statistics

General Stats
  • This quiz has been taken 23 times
  • The average score is 26 of 51
Answer Stats
First Last % Correct
Clayton Kershaw
100%
Max Muncy
100%
Cody Bellinger
95%
Mookie Betts
95%
Freddie Freeman
95%
Justin Turner
90%
Trea Turner
90%
Will Smith
86%
Chris Taylor
86%
Walker Buehler
81%
Gavin Lux
81%
Dustin May
81%
Julio Urias
81%
Austin Barnes
76%
Brusdar Graterol
76%
Yency Almonte
67%
Evan Phillips
67%
Trayce Thompson
67%
Blake Treinen
67%
Miguel Vargas
67%
Caleb Ferguson
62%
Tony Gonsolin
62%
James Outman
62%
Hanser Alberto
52%
Daniel Hudson
52%
Edwin Rios
52%
Alex Vesia
52%
Phil Bickford
48%
Joey Gallo
48%
Craig Kimbrel
48%
Andre Jackson
43%
Chris Martin
38%
David Price
38%
Tyler Anderson
29%
Garrett Cleavinger
29%
Andrew Heaney
29%
Zach McKinstry
29%
Mitch White
29%
Michael Grove
24%
Tommy Kahnle
24%
Reyes Moronta
24%
Shane Greene
19%
Heath Hembree
14%
Jake Lamb
14%
Eddy Alvarez
10%
Justin Bruihl
10%
Robbie Erlin
10%
Ryan Pepiot
10%
Kevin Pillar
5%
Jake Reed
5%
Tony Wolters
5%
No matching quizzes found
Score Distribution
Percent of People with Each Score
Percentile by Number Answered
Your Score History
You have not taken this quiz